000 00485nam a2200193Ia 4500
003 OSt
005 20240802092827.0
008 210210b1985 xxu||||| |||| 00| 0 eng d
040 _cAL
041 _akan
082 _aK894.1 GOVI
100 _a-
_9174831
245 _aGovina hadu:
_bಗೋವಿನ ಹಾಡು
260 _aBengaluru
_bKannada mattu Samskrati Nirdeshanalaya
_c1985
300 _aiv,32
690 _aKannada Poetry
_9174832
906 _a038027
942 _2ddc
_cBK
999 _c88100
_d88100